Geografía por imágenes - B - Estadísticas

Estadísticas generales
  • Esta prueba ha sido intentada 8.358 veces
  • La puntuación promedio es 11 de 18
Estadísticas de respuestas
Imagen Hint Respuesta % Correcto
país Bélgica
98%
país Brasil
97%
ciudad Berlín
87%
mar Báltico
83%
ciudad Bruselas
78%
ciudad antigua Babilonia
65%
ciudad Bilbao
65%
país Bolivia
59%
ciudad Budapest
58%
país Bielorrusia
53%
isla Borneo
51%
región Baviera
45%
ciudad Bangkok
43%
ciudad Boston
43%
región Bretaña
41%
porción de mar Bahía de {Bengala}
38%
isla Bali
30%
estrecho Bósforo
29%
No se encontraron pruebas coincidentes
Distribución de puntuación
Porcentaje de gente con cada puntuación
Porcentaje por número respondido
Historial de tus puntuaciones
No has intentado esta prueba.